00697nam a2200193 a 450000100100000000500170001000800410002704000250006808200160009324501290010926000430023830000270028149000250030849000210033350000730035450400300042783000250045783000210048200004855020201002061231.0190329s2016 dr a r 000 0 spa d aDO-SdBNPbspacBNPHU axxxxbG393m00aGestión migratoria, deportación y Derechos Humanos : /cel desafío de aplicar estándares apegados al debido proceso. aSanto Domingo :bCentro Bonó,c2016. a45 p. :bil. ;c26 cm.1 aPublicaciones Bonó1 aDerechos humanos aIncluye referencias bibliográficas y notas al pie de las páginas aBibliografía : p. 44-45 0aPublicaciones Bonó 0aDerechos humanos